<?xml version="1.0" encoding="UTF-8"?>
<record
    xmlns:xsi="http://www.w3.org/2001/XMLSchema-instance"
    xsi:schemaLocation="http://www.loc.gov/MARC21/slim http://www.loc.gov/standards/marcxml/schema/MARC21slim.xsd"
    xmlns="http://www.loc.gov/MARC21/slim">

  <leader>00582nam a2200205Ia 4500</leader>
  <controlfield tag="001">12578</controlfield>
  <controlfield tag="003">GE_BSU</controlfield>
  <controlfield tag="008">181216s||||||||xx |||||||||||||| ||und||</controlfield>
  <datafield tag="040" ind1=" " ind2=" ">
    <subfield code="c">GE_BSU</subfield>
  </datafield>
  <datafield tag="080" ind1=" " ind2=" ">
    <subfield code="a">633(075.9)</subfield>
  </datafield>
  <datafield tag="100" ind1=" " ind2=" ">
    <subfield code="a">&#x411;&#x430;&#x431;&#x430;&#x435;&#x432;,&#x41D;.&#x424;. &#x41A;&#x43E;&#x43D;&#x44E;&#x448;&#x43A;&#x43E;&#x432;,&#x41C;.&#x41D;. &#x41B;&#x430;&#x43F;&#x438;&#x43D; &#x41C;.&#x41D;.</subfield>
  </datafield>
  <datafield tag="245" ind1=" " ind2=" ">
    <subfield code="a">&#x41E;&#x441;&#x43D;&#x43E;&#x432;&#x44B; &#x440;&#x430;&#x441;&#x442;&#x435;&#x43D;&#x438;&#x435;&#x432;&#x43E;&#x434;&#x441;&#x442;&#x432;&#x430;</subfield>
  </datafield>
  <datafield tag="245" ind1=" " ind2=" ">
    <subfield code="c">&#x420;&#x435;&#x434;.&#x414;.&#x41A;&#x430;&#x43F;&#x43B;&#x430;&#x43D;</subfield>
  </datafield>
  <datafield tag="260" ind1=" " ind2=" ">
    <subfield code="a">&#x41C;&#x43E;&#x441;&#x43A;&#x432;&#x430;</subfield>
  </datafield>
  <datafield tag="260" ind1=" " ind2=" ">
    <subfield code="b">&#x413;&#x43E;&#x441;&#x441;&#x435;&#x43B;&#x44C;&#x445;&#x43E;&#x437;&#x438;&#x437;&#x434;&#x430;&#x442;</subfield>
  </datafield>
  <datafield tag="260" ind1=" " ind2=" ">
    <subfield code="c">1955</subfield>
  </datafield>
  <datafield tag="300" ind1=" " ind2=" ">
    <subfield code="a">414&#x441;&#x442;&#x440;.23&#x441;&#x43C;.</subfield>
  </datafield>
  <datafield tag="653" ind1=" " ind2=" ">
    <subfield code="a">&#x41E;&#x441;&#x43D;&#x43E;&#x432;&#x44B; &#x440;&#x430;&#x441;&#x442;&#x435;&#x43D;&#x438;&#x435;&#x432;&#x43E;&#x434;&#x441;&#x442;&#x432;&#x430;</subfield>
  </datafield>
  <datafield tag="942" ind1=" " ind2=" ">
    <subfield code="c">BK</subfield>
  </datafield>
  <datafield tag="999" ind1=" " ind2=" ">
    <subfield code="c">45751</subfield>
    <subfield code="d">45751</subfield>
  </datafield>
  <datafield tag="952" ind1=" " ind2=" ">
    <subfield code="0">0</subfield>
    <subfield code="1">0</subfield>
    <subfield code="4">0</subfield>
    <subfield code="7">0</subfield>
    <subfield code="9">59991</subfield>
    <subfield code="d">2018-12-17</subfield>
    <subfield code="p">20664</subfield>
    <subfield code="r">2018-12-17</subfield>
    <subfield code="w">2018-12-17</subfield>
    <subfield code="y">BK</subfield>
  </datafield>
  <datafield tag="952" ind1=" " ind2=" ">
    <subfield code="0">0</subfield>
    <subfield code="1">0</subfield>
    <subfield code="4">0</subfield>
    <subfield code="7">0</subfield>
    <subfield code="9">59992</subfield>
    <subfield code="d">2018-12-17</subfield>
    <subfield code="p">20665</subfield>
    <subfield code="r">2018-12-17</subfield>
    <subfield code="w">2018-12-17</subfield>
    <subfield code="y">BK</subfield>
  </datafield>
</record>
